logo

A Conceptual Model to Identify Intent to Use Chemical-Biological Weapons (Record no. 20889)

MARC details
000 -CABECERA
campo de control de longitud fija 02663nab a22002537a 4500
003 - IDENTIFICADOR DEL NÚMERO DE CONTROL
campo de control ES-MaBCA
005 - FECHA Y HORA DE LA ÚLTIMA TRANSACCIÓN
campo de control 20180228105612.0
008 - CÓDIGOS DE INFORMACIÓN DE LONGITUD FIJA
campo de control de longitud fija 120330t xxu||||| |||| 00| 0 eng d
040 ## - FUENTE DE LA CATALOGACIÓN
Centro catalogador de origen ES-MaBCA
Centro transcriptor ES-MaBCA
100 ## - PUNTO DE ACCESO PRINCIPAL - NOMBRE DE PERSONA
9 (RLIN) 15320
Nombre de persona Zalesny, Mary D.
100 ## - PUNTO DE ACCESO PRINCIPAL - NOMBRE DE PERSONA
9 (RLIN) 15321
Nombre de persona Whitney, Paul
100 ## - PUNTO DE ACCESO PRINCIPAL - NOMBRE DE PERSONA
9 (RLIN) 15324
Nombre de persona White, Amanda
100 ## - PUNTO DE ACCESO PRINCIPAL - NOMBRE DE PERSONA
9 (RLIN) 15322
Nombre de persona Plasse, Theodore R.
100 ## - PUNTO DE ACCESO PRINCIPAL - NOMBRE DE PERSONA
9 (RLIN) 15323
Nombre de persona Grundy, Michael T.
245 ## - MENCIÓN DE TÍTULO
Título A Conceptual Model to Identify Intent to Use Chemical-Biological Weapons
Medio [Recurso electrónico]
250 ## - MENCIÓN DE EDICIÓN
Mención de edición Journal of Strategic Security
520 ## - SUMARIO, ETC.
Sumario etc. Terrorism is an extreme form of political violence, that is inherently abhorrent in nature. Yet, it continues to attain enough support to continue and survive. The recent proliferation of Islamic State and its ever increasing domestic and international civilian support base urges immediate attention to this question. While most research holds that provision of public goods by terrorist groups is the primary cause for high levels of civilian support, I argue that, terrorist groups are more interested in resource extraction rather than resource provision. Additionally, these studies pay scant attention to existing resource structure, especially territorial and political control to explain terrorist-civilian interaction. This paper emphasizes the bi-directional nature of this interaction – a. perception of civilians by the terrorist group and b. terrorist group’s perception of the civilians. To analyze levels of civilian support for terrorism, I compare fifteen terrorist groups using qualitative comparative analysis and show how territory, political competition, ethnicity, target selection and organizational structure combine to explain conditions that lead terrorist groups to include or exclude civilian population for support. Based on the variance in support networks of terrorist groups, counter-terrorism policies should also differ. High civilian support indicates the need to use non-military methods to decrease the appeal of terrorist groups. However, terrorist groups with more diffused and multiple support structures need more collaborative and coercive measures to intercept all the possible links to the main group.
650 #0 - PUNTO DE ACCESO ADICIONAL DE MATERIA--TÉRMINO DE MATERIA
9 (RLIN) 1735
Término de materia o nombre geográfico como elemento inicial Terrorismo
650 #0 - PUNTO DE ACCESO ADICIONAL DE MATERIA--TÉRMINO DE MATERIA
9 (RLIN) 1740
Término de materia o nombre geográfico como elemento inicial Terrorismo
Subdivisión de materia general Movimientos extremistas
650 #0 - PUNTO DE ACCESO ADICIONAL DE MATERIA--TÉRMINO DE MATERIA
9 (RLIN) 1584
Término de materia o nombre geográfico como elemento inicial Armas de destrucción masiva
773 0# - ENLACE AL DOCUMENTO FUENTE
Enlace http://scholarcommons.usf.edu/cgi/viewcontent.cgi?article=1562&context=jss
Encabezamiento principal Journal of Strategic Security
Parte(s) relacionada(s) . -- Vol. 10 No. 3 (2017) p. 54-86
Información sobre la relación En :
Título Journal of Strategic Security
Número de control del registro relacionado 328
Número Internacional Normalizado para Publicaciones Seriadas (ISSN) 1944-0472
856 4# - LOCALIZACIÓN Y ACCESO ELECTRÓNICOS
Identificador Uniforme del Recurso (URI) <a href="http://scholarcommons.usf.edu/jss/vol10/iss3/4/">http://scholarcommons.usf.edu/jss/vol10/iss3/4/</a>
942 ## - ELEMENTOS DE PUNTO DE ACCESO ADICIONAL (KOHA)
Fuente del sistema de clasificación o colocación Universal Decimal Classification
Tipo de ítem Koha Analíticas
Holdings
Estado de retiro Estado de pérdida Fuente del sistema de clasificación o colocación Estado dañado No para préstamo Código de colección Localización permanente Ubicación/localización actual Fecha de adquisición Total de préstamos Código de barras Fecha visto por última vez Precio válido a partir de Tipo de ítem Koha
    Universal Decimal Classification     Biblioteca Digital Centro de Análisis y Prospectiva de la Guardia Civil Centro de Análisis y Prospectiva de la Guardia Civil 28/02/2018   2019318 28/02/2018 28/02/2018 Analíticas